| 000 | 00590nam a2200181Ia 4500 | ||
|---|---|---|---|
| 003 | GCL | ||
| 008 | 140319s9999 xx 000 0 ara d | ||
| 040 |
_aGCL / _cGCL |
||
| 082 | 0 | 4 |
_a921.3 _bف هـ |
| 100 | 1 | _aفؤاد زكريا | |
| 245 | 1 | 0 |
_aهربرت ماركيوز (هدية من الاديب عبدالفتاح الجمل) / _cفؤاد زكريا |
| 300 | _a128 ص | ||
| 490 |
_aكراسات الفكر المعاصر _v0 |
||
| 650 | 0 | 4 | _aالفلاسفة الالمان |
| 650 | 0 | 4 | _aالفلسفة الالمانية |
| 650 | 0 | 4 | _aماركيوز ,هربرت |
| 942 |
_2ddc _cBK |
||
| 999 |
_c42365 _d42365 |
||